[Event "Steyr Landesliga 1112"]
[Site "Austria"]
[Date "2012.01.21"]
[Round "7.6"]
[White "Teuschler, Alois"]
[Black "Gerstl, Juergen"]
[Result "1-0"]
[WhiteElo "2031"]
[BlackElo "1853"]
[PlyCount "93"]
[EventDate "2011.09.24"]
[EventType "team-tourn"]
[EventRounds "11"]
[EventCountry "AUT"]
[SourceTitle "EXT 2013"]
[Source "ChessBase"]
[SourceDate "2012.11.22"]
[SourceVersion "1"]
[SourceVersionDate "2012.11.22"]
[SourceQuality "1"]
[WhiteTeam "Graz Strassenbahn"]
[BlackTeam "Graz Austria"]
[WhiteTeamCountry "AUT"]
[BlackTeamCountry "AUT"]

1. Nc3 e5 2. Nf3 d6 3. d4 exd4 4. Nxd4 Be7 5. g3 d5 6. Bg2 Nf6 7. 0-0 0-0 8. e4 dxe4 9. Nxe4 c6 10. c3 Na6 11. Qc2 h6 12. Rd1 Qa5 13. Bf4 Bg4 14. f3 Bh5 15. b4 Qb6 16. a4 Nd5 17. a5 Qd8 18. Nf5 Bg6 19. Bh3 Bg5 20. Bxg5 hxg5 21. Qf2 Qc7 22. Rac1 Qe5 23. Qd4 Qxd4+ 24. Rxd4 Nac7 25. Kf2 Bxf5 26. Bxf5 g6 27. Bh3 f5 28. Nxg5 Rae8 29. c4 Nxb4 30. Rd7 Ne6 31. Nxe6 Rxe6 32. Rcd1 Rf7 33. g4 Re5 34. Rxf7 Kxf7 35. Rd7+ Kf6 36. Rxb7 Nd3+ 37. Kg3 f4+ 38. Kh4 g5+ 39. Kh5 Re8 40. Rh7 Ne5 41. Bg2 Nf7 42. h4 Re5 43. hxg5+ Rxg5+ 44. Kh4 Rxa5 45. Bf1 Ra1 46. g5+ Kg6 47. Bd3# 1-0